|
|
|
|
| LEADER |
00000nam0a2200000 4500 |
| 001 |
123247 |
| 005 |
20231031130426.0 |
| 020 |
|
|
|a RU
|b 84-11432
|
| 035 |
|
|
|a (RuTPU)RU\TPU\book\133424
|
| 090 |
|
|
|a 123247
|
| 100 |
|
|
|a 20071014d1983 m y0rusy5003 ca
|
| 101 |
0 |
|
|a rus
|
| 102 |
|
|
|a RU
|
| 105 |
|
|
|a y z 001gy
|
| 200 |
1 |
|
|a Русский сонет
|e Сонеты русских поэтов XVIII - начала XX века
|f сост., вступ. ст., подгот. текста и примеч. Б. Н. Романов
|
| 210 |
|
|
|a Москва
|c Советская Россия
|d 1983
|
| 215 |
|
|
|a 512 с.
|d 17 см
|
| 320 |
|
|
|a Словарь: с. 489-493
|
| 610 |
1 |
|
|a русская литература
|
| 610 |
1 |
|
|a сонеты
|
| 610 |
1 |
|
|a антологии
|
| 610 |
1 |
|
|a сборники
|
| 610 |
1 |
|
|a 18 век
|
| 610 |
1 |
|
|a 19 век
|
| 610 |
1 |
|
|a 20 век
|
| 675 |
|
|
|a Р1
|z rus
|
| 702 |
|
1 |
|a Романов
|b Б. Н.
|4 220
|
| 801 |
|
0 |
|a RU
|b RuMRKP
|c 19950704
|g psbo
|
| 801 |
|
1 |
|a RU
|b 63413507
|c 20071014
|g PSBO
|
| 801 |
|
2 |
|a RU
|b 63413507
|c 20071014
|g PSBO
|
| 942 |
|
|
|c BK
|